<?xml version="1.0" encoding="UTF-8"?>
<marc:record xmlns:marc="http://www.loc.gov/MARC21/slim">
   <marc:leader>00000nam a2200000 a 4500</marc:leader>
   <marc:datafield ind1="1" ind2=" " tag="100">
      <marc:subfield code="a">Kästner, Erich</marc:subfield>
      <marc:subfield code="4">aut</marc:subfield>
      <marc:subfield code="e">Verfasser/-in</marc:subfield>
   </marc:datafield>
   <marc:datafield ind1="1" ind2=" " tag="100">
      <marc:subfield code="a">Vilsmaier, Joseph</marc:subfield>
      <marc:subfield code="4">ctb</marc:subfield>
      <marc:subfield code="e">Mitwirkende/-r</marc:subfield>
   </marc:datafield>
   <marc:datafield ind1=" " ind2=" " tag="653">
      <marc:subfield code="a">Video / Kinder- und Jugendbücher/Kinderbücher bis 11 Jahre</marc:subfield>
   </marc:datafield>
   <marc:datafield ind1="0" ind2="0" tag="245">
      <marc:subfield code="a">Charlie &amp; Louise - Das doppelte Lottchen (DVD)</marc:subfield>
   </marc:datafield>
   <marc:datafield ind1="0" ind2="0" tag="245">
      <marc:subfield code="c">Regie von Joseph Vilsmaier ; Erich Kästner</marc:subfield>
   </marc:datafield>
   <marc:datafield ind1=" " ind2="1" tag="264">
      <marc:subfield code="a">Hamburg</marc:subfield>
      <marc:subfield code="b">Oetinger Media GmbH</marc:subfield>
   </marc:datafield>
   <marc:datafield ind1="1" ind2=" " tag="520">
      <marc:subfield code="a">Angaben aus der Verlagsmeldung

Charlie &amp; Louise - Das doppelte Lottchen (DVD) / von Erich Kästner

Doppelt hält besser! Kästners berühmtes Zwillingsabenteuer Während eines Sprachkurses in Schottland entdecken Charlie und Louise, dass sie Schwestern sind und als Babys von ihren Eltern getrennt wurden. Neugierig tauschen die beiden Rollen … Heiter und spannende Neuverfilmung von Joseph Vilsmaier, mit Fritzi und Floriane Eichhorn, Heiner Lauterbach und Corinna Harfouch. Mit interaktivem Kästner-Quiz und informativem Booklet. Extras: • Hinter den Kulissen • Interviews mit Joseph Vilsmaier, Fritzi und Floriane Eichhorn, • Heiner Lauterbach und Corinna Harfouch • Kinotrailer Technische Daten: Realfilm Farbe Laufzeit: 94 Minuten Bonusmaterial: 17 Minuten Bild: 4:3 LB (1,66:1) Ton: 5.1 Dolby Digital, 2.0 Dolby Digital Sprache: Deutsch
</marc:subfield>
   </marc:datafield>
   <marc:datafield ind1=" " ind2=" " tag="041">
      <marc:subfield code="a">ger</marc:subfield>
   </marc:datafield>
</marc:record>
